000 00237nam a2200085Ia 4500
008 120527s9999 xx 000 0 und d
245 _aSustainable food production in subsaharan Africa 2 constraints and op
260 _bI.I.T.A
942 _cBK
999 _c25170
_d25170